Nuclear physics /

Gespeichert in:
Bibliographische Detailangaben
1. Verfasser: Kaplan, Irving (autor)
Format: Buch
Sprache:Englisch
Veröffentlicht: Reading, EUA : Addison-Wesley, 1962
Schlagworte:
Tags: Tag hinzufügen
Keine Tags, Fügen Sie das erste Tag hinzu!

MARC

LEADER 00000nam^a2200000^a^4500
001 000005104
005 20250521000000.0
009 20260310083330.264
037 |a Acervo ITESO - Biblioteca 
041 |a ING 
082 |a 539.  |b KAP 
100 |a Kaplan, Irving  |e (autor) 
245 1 0 |a Nuclear physics /  |c I. Kaplan. 
264 1 |a Reading, EUA :  |b Addison-Wesley,  |c 1962 
300 |a 756 p. 
336 |a texto  |b txt  |2 rdacontenido 
337 |a sin mediación  |b n  |2 rdamedio 
338 |a volumen  |b nc  |2 rdasoporte 
649 |a XX 
650 |a Física Nuclear 
910 |a Fondo General 
920 |a Impresos - Libros 
930 |a Colección General 
905 |a 101 
901 |a 0051040100  |b IT1  |c ACC  |i 005104  |u 20250521 
902 |a https://opac.biblio.iteso.mx/vufind/Record/000005104